| 000 | 00601nam a2200217 a 4500 | ||
|---|---|---|---|
| 001 | 11809 | ||
| 003 | CO-ViMGA | ||
| 008 | 141112s2004 ck r 000 u spa d | ||
| 020 | _a8480160934 | ||
| 040 |
_aCO-ViMGA _bspa _cCO-ViMGA |
||
| 082 | 0 | 4 | _aR610.73 L326e |
| 245 | 1 | 0 | _aEnciclopedia Larousse de la EnfermerÃa |
| 250 | _a2 | ||
| 260 |
_aBarcelona, _cLarousse, _c1994 |
||
| 300 | _a10 Volumenes | ||
| 650 | 1 | 4 |
_aATENCION DE ENFERMERIA _916544 |
| 650 | 1 | 4 |
_aDICIONARIO ENFERMEDADES _916545 |
| 650 | 1 | 4 |
_aENFERMERIA, ENCICLOPEDIA _916546 |
| 650 | 1 | 4 |
_aTERMINOLOGIA MEDICA _916547 |
| 942 |
_2ddc _cBK |
||
| 999 |
_c22953 _d22953 |
||